000
00296nam a2200109Ia 4500
001
1263925
005
20260417141928.0
008
260417s9999 xx 000 0 und d
020
_a
9789752482180
245
0
_a
Böyle Şeyler Filmlerde Olur
_c
İsmail Kılıçarslan
260
_b
Ketebe Yayınları
999
_c
1263925
_d
1263925